32 Questions About 4 'I' Holidays Quiz Stats

 Plays Quiz not verified by Sporcle

Score 0/32 Timer 08:00
2 Plays Today
Holiday Answer % Correct
Inauguration DayJanuary
94.3%
Inauguration DayThe President
88.8%
Inauguration DayThe Constitution
76.3%
Inauguration DayCapitol
65.2%
International Workers' DayLabour Day
64.3%
International Workers' DayMay
63.9%
International Workers' Day8
62.2%
Inauguration DayChief Justice of the Supreme Court
56.4%
International Women's DayMarch
56.4%
International Beer DayWater and tea
56.4%
Inauguration DayWilliam Henry Harrison
56.2%
International Workers' DayRed Square
56.2%
International Beer DayCalifornia
55.3%
International Beer DaySnow, Tsingtao, Bud Light, Budweiser, Skol, Yanjing, Heineken, Harbin, Brahma, Coors Light
55%
International Women's DayAfghanistan
53.8%
International Beer DayHops
52.4%
Holiday Answer % Correct
International Workers' DayCommunism
50.4%
International Women's DaySoviet Union
49.6%
International Beer DayFriday
47.3%
International Workers' DayJoseph
46.1%
International Workers' DayChicago
44.2%
International Women's DayHIV / AIDS
43%
International Beer DayAugust
41%
International Workers' DayMay Day
39.6%
Inauguration DayRobert Frost
34.4%
International Women's DayUnited Nations
33.1%
International Women's Day2030
28.4%
International Beer DayCzechia
27.7%
International Women's Day1909
25.4%
Inauguration Day1937
23.1%
International Women's DayCopenhagen
18.5%
International Beer Day2007
13.1%

You're not logged in!

Compare scores with friends on all Sporcle quizzes.
OR
Log In

Show Comments

Extras

Top Quizzes Today


Score Distribution

Your Account Isn't Verified!

In order to create a playlist on Sporcle, you need to verify the email address you used during registration. Go to your Sporcle Settings to finish the process.

Report this User

Report this user for behavior that violates our Community Guidelines.

Details: